000 00716nam a2200253Ia 4500
003 OSt
005 20220926010101.0
006 a|||||r|||| 00| 0
007 ta
008 220923b |||||||| |||| 00| 0 eng d
037 _cGeneral Book
040 _aRTL
_cRTL
_beng
041 _2eng
_aeng
082 _aW,8.2.N7, M2
100 _aJain R B
245 0 _aBureaucratic values in development
_b A comparative
260 _a New Delhi
_bUppal Publishing
_c1982
300 _a320p
_ccm.
490 _aCentre for Policy Research
650 _aBureaucracy
700 _a Chaudhuri P N
_9105075
942 _hW,8.2.N7, M2
_cGB
_2CC
999 _c616364
_d616364